[Event "Aegean op 46th"]
[Site "Aghios Kirykos"]
[Date "2023.07.12"]
[Round "5"]
[White "Bardis, Harilaos Panagiotis"]
[Black "Sidiropoulos, Vasilis"]
[Result "1-0"]
[WhiteElo "1862"]
[BlackElo "1819"]
[PlyCount "87"]
[EventDate "2023.07.09"]
[EventType "swiss"]
[EventRounds "9"]
[EventCountry "GRE"]
[SourceTitle "CBM 215 Extra"]
[Source "ChessBase"]
[SourceDate "2023.09.30"]
[SourceVersion "1"]
[SourceVersionDate "2023.09.30"]
[SourceQuality "1"]

1. e4 c5 2. Nf3 Nc6 3. d4 cxd4 4. Nxd4 Nf6 5. Nc3 e6 6. Ndb5 d6 7. Bf4 e5 8. Bg5 a6 9. Na3 b5 10. Nab1 Be6 11. Bxf6 gxf6 12. Nd5 Bg7 13. a4 b4 14. Bc4 0-0 15. 0-0 Ne7 16. c3 Nxd5 17. Bxd5 Rb8 18. c4 Qb6 19. Qd3 Rfd8 20. Rd1 Qc5 21. Ra2 Qc8 22. b3 f5 23. exf5 Bxf5 24. Be4 Bg6 25. Bxg6 hxg6 26. Nd2 Qg4 27. Ne4 d5 28. f3 Qc8 29. cxd5 f5 30. Ng5 Qc5+ 31. Kh1 Rb6 32. Rc2 Qd4 33. Qe2 Qh4 34. Ne6 Re8 35. Nxg7 Kxg7 36. Rc7+ Kf8 37. d6 Qf6 38. Qe3 Rbb8 39. Qh6+ Kg8 40. Qh7+ Kf8 41. Rdc1 e4 42. Qh6+ Kg8 43. d7 Red8 44. R7c6 1-0

[Event "Aegean op 45th"]
[Site "Aghios Kirykos"]
[Date "2022.07.15"]
[Round "7"]
[White "Bardis, Harilaos Panagiotis"]
[Black "Manakova, Maria"]
[Result "0-1"]
[WhiteElo "1924"]
[BlackElo "2247"]
[PlyCount "86"]
[EventDate "2022.07.09"]
[EventType "swiss"]
[EventRounds "9"]
[EventCountry "GRE"]
[SourceTitle "CBM 209 Extra"]
[Source "ChessBase"]
[SourceDate "2022.09.30"]
[SourceVersion "1"]
[SourceVersionDate "2022.09.30"]
[SourceQuality "1"]

1. e4 c5 2. Nf3 Nc6 3. d4 cxd4 4. Nxd4 Nf6 5. Nc3 e5 6. Ndb5 d6 7. Nd5 Nxd5 8. exd5 Nb8 9. c4 Be7 10. Bd3 a6 11. Nc3 0-0 12. 0-0 f5 13. f3 Nd7 14. Kh1 Bg5 15. b4 b6 16. Qc2 Bxc1 17. Raxc1 Qg5 18. f4 exf4 19. Ne2 Nf6 20. Nxf4 Ng4 21. Rce1 Bd7 22. h3 Qh4 23. g3 Qh6 24. Kg2 Ne5 25. c5 bxc5 26. bxc5 Nxd3 27. Nxd3 dxc5 28. Nxc5 Rac8 29. Qf2 Bb5 30. Rg1 Qd6 31. Nb3 Qxd5+ 32. Kh2 Bc4 33. Rd1 Qf7 34. Nc5 Qa7 35. Nd3 Qxf2+ 36. Nxf2 Bxa2 37. Rd2 Bc4 38. Rgd1 Bb3 39. Ra1 Rf6 40. Kg1 Rfc6 41. Nd3 Rd6 42. Ra3 Rc3 43. Re2 Rcxd3 0-1

[Event "Aegean op 45th"]
[Site "Aghios Kirykos"]
[Date "2022.07.10"]
[Round "2"]
[White "Gimenez Menchon, Cesar"]
[Black "Bardis, Harilaos Panagiotis"]
[Result "1-0"]
[WhiteElo "2207"]
[BlackElo "1924"]
[PlyCount "75"]
[EventDate "2022.07.09"]
[EventType "swiss"]
[EventRounds "9"]
[EventCountry "GRE"]
[SourceTitle "CBM 209 Extra"]
[Source "ChessBase"]
[SourceDate "2022.09.30"]
[SourceVersion "1"]
[SourceVersionDate "2022.09.30"]
[SourceQuality "1"]

1. e4 c5 2. Nf3 d6 3. d4 cxd4 4. Nxd4 Nf6 5. Nc3 a6 6. Qf3 g6 7. h3 Bg7 8. Bg5 Qa5 9. Be3 0-0 10. Nb3 Qc7 11. g4 Be6 12. Qg2 Nc6 13. f4 Nb4 14. a3 Nxe4 15. axb4 Nxc3 16. bxc3 Bxc3+ 17. Kf2 Bxb3 18. Bd3 Bxc2 19. Bxc2 Bxa1 20. Be4 Bg7 21. h4 d5 22. Rc1 Qb8 23. Bxd5 Bd4 24. Qe4 Bxe3+ 25. Kxe3 e6 26. Bxb7 Ra7 27. Bc6 Qb6+ 28. Kf3 Rc7 29. h5 Rfc8 30. h6 Rxc6 31. Qe5 Kf8 32. Rd1 Rc3+ 33. Kg2 Rc2+ 34. Kh3 R8c3+ 35. Kh4 Qf2+ 36. Kg5 Rc5 37. bxc5 Rxc5 38. Kf6 1-0

[Event "Nikaia op 28th"]
[Site "Nikaia"]
[Date "2021.08.22"]
[Round "2"]
[White "Kotronias, Vasilios"]
[Black "Bardis, Harilaos Panagiotis"]
[Result "1-0"]
[WhiteElo "2487"]
[BlackElo "1795"]
[PlyCount "109"]
[EventDate "2021.08.21"]
[EventType "swiss"]
[EventRounds "7"]
[EventCountry "GRE"]
[SourceTitle "CBM 204 Extra"]
[Source "ChessBase"]
[SourceDate "2021.11.30"]
[SourceVersion "1"]
[SourceVersionDate "2021.11.30"]
[SourceQuality "1"]

1. e4 c5 2. b3 d6 3. Bb2 e5 4. f4 exf4 5. Nf3 Nf6 6. Bb5+ Nbd7 7. d4 Be7 8. Bxd7+ Bxd7 9. Nc3 0-0 10. dxc5 dxc5 11. Qd2 Bc6 12. Qxf4 Bd6 13. e5 Bxf3 14. exd6 Re8+ 15. Kf2 Bc6 16. Rhe1 Qd7 17. h3 Rad8 18. Rxe8+ Nxe8 19. Qg5 f6 20. Qxc5 Nxd6 21. Re1 b6 22. Qh5 Qf5+ 23. Qxf5 Nxf5 24. g4 Rd2+ 25. Re2 Rxe2+ 26. Nxe2 Nd6 27. c4 Kf7 28. Ke3 Ne8 29. Nf4 Nc7 30. h4 Bd7 31. Kf3 Ne6 32. Nh5 Bc6+ 33. Ke3 a6 34. Ng3 Nc5 35. Nf5 Ne4 36. b4 g6 37. Nd4 Bb7 38. Bc1 Ke7 39. Ne2 Ke6 40. a4 Nd6 41. Kd4 Kd7 42. Nf4 b5 43. cxb5 axb5 44. a5 Kc6 45. Nd5 f5 46. g5 Nf7 47. Bf4 Ba6 48. Nf6 Nd8 49. Nxh7 Bc8 50. Nf8 Ne6+ 51. Nxe6 Bxe6 52. Ke5 Bf7 53. Kf6 Be8 54. Ke7 Bd7 55. Kf7 1-0

[Event "Aegean op 44th"]
[Site "Aghios Kirykos"]
[Date "2021.07.12"]
[Round "3"]
[White "Bardis, Harilaos Panagiotis"]
[Black "Basso, Pier Luigi"]
[Result "0-1"]
[WhiteElo "1836"]
[BlackElo "2550"]
[PlyCount "136"]
[EventDate "2021.07.10"]
[EventType "swiss"]
[EventRounds "9"]
[EventCountry "GRE"]
[SourceTitle "CBM 203 Extra"]
[Source "ChessBase"]
[SourceDate "2021.09.30"]
[SourceVersion "1"]
[SourceVersionDate "2021.09.30"]
[SourceQuality "1"]

1. d4 g6 2. c4 Bg7 3. g3 e6 4. Bg2 d5 5. Nf3 Nc6 6. cxd5 exd5 7. Nc3 Nge7 8. 0-0 Bg4 9. e3 0-0 10. h3 Be6 11. Ne1 h5 12. h4 Bg4 13. Qc2 Bf5 14. Qd1 Qd6 15. Nd3 Nd8 16. b4 c6 17. a4 a6 18. b5 axb5 19. Ba3 b4 20. Bxb4 Qf6 21. a5 Re8 22. Nc5 Nc8 23. N3a4 Bf8 24. Nb6 Nxb6 25. axb6 Rxa1 26. Qxa1 Bc8 27. Qc3 g5 28. hxg5 Qxg5 29. Nd3 h4 30. Bxf8 Rxf8 31. Nf4 hxg3 32. fxg3 Bf5 33. Kf2 Ne6 34. Rh1 Ra8 35. Ra1 Re8 36. Rh1 Ng7 37. Qa3 Bc8 38. Rg1 Nf5 39. Bh3 Rxe3 40. Qa8 Re8 41. Bxf5 Qxf5 42. Re1 Rxe1 43. Kxe1 Kh7 44. Kf2 Qc2+ 45. Kg1 Qd1+ 46. Kh2 Qd2+ 47. Kg1 Qxd4+ 48. Kf1 Qd1+ 49. Kg2 Qc2+ 50. Kf1 Qb1+ 51. Kg2 Qe4+ 52. Kg1 Qb1+ 53. Kg2 Qf5 54. Qb8 d4 55. Qd6 c5 56. Nd5 Be6 57. Ne7 Qe4+ 58. Kg1 Bh3 59. Qd5 Qxd5 60. Nxd5 Be6 61. Nf6+ Kg6 62. Ne4 c4 63. Kf2 c3 64. Ke2 Bg4+ 65. Ke1 Bf3 66. Nc5 Kf5 67. Nd3 Ke4 68. Nc5+ Ke5 0-1

[Event "GRE-ch Online Blitz op 1st"]
[Site "Tornelo INT"]
[Date "2021.02.07"]
[Round "3"]
[White "Bardis, Harilaos Panagiotis"]
[Black "Georgiadis, Anastasios"]
[Result "1-0"]
[WhiteElo "1934"]
[BlackElo "1263"]
[PlyCount "105"]
[EventDate "2021.02.07"]
[EventType "swiss (blitz)"]
[EventRounds "16"]
[EventCountry "GRE"]
[SourceTitle "EXT 2023"]
[Source "ChessBase"]
[SourceDate "2022.10.05"]
[SourceVersion "1"]
[SourceVersionDate "2022.10.05"]
[SourceQuality "1"]

1. d4 Nf6 2. Nf3 e6 3. g3 d5 4. Bg2 Be7 5. 0-0 0-0 6. c4 c6 7. Qc2 Na6 8. a3 Nc7 9. Rd1 b6 10. Bf4 Bb7 11. Bxc7 Qxc7 12. cxd5 exd5 13. b4 Bd6 14. e3 Ba6 15. Nbd2 Rac8 16. Rdc1 Rfe8 17. Qb3 Qd7 18. a4 b5 19. a5 Rc7 20. Ne1 Bc8 21. Nd3 Qe7 22. Rc2 Bf5 23. Rac1 Rec8 24. Bf1 Bxd3 25. Bxd3 Bxb4 26. Nf3 Bd6 27. a6 Ne4 28. Kg2 Qf6 29. Bxe4 dxe4 30. Nd2 Qe7 31. d5 cxd5 32. Rxc7 Rxc7 33. Rxc7 Bxc7 34. Qxd5 b4 35. Nxe4 h6 36. Nc5 Bb6 37. Nd3 Qd8 38. Qxd8+ Bxd8 39. Nxb4 Bb6 40. Kf3 Kf8 41. Ke4 Ke8 42. Kd5 Kd7 43. Nd3 f6 44. Nf4 Ba5 45. Ne6 g5 46. f4 Bd2 47. fxg5 hxg5 48. e4 Ba5 49. Nd4 Kc7 50. Ke6 Bc3 51. Nb5+ Kb6 52. Nxc3 Kxa6 53. Kxf6 1-0

[Event "GRE-ch Online Blitz op 1st"]
[Site "Tornelo INT"]
[Date "2021.02.07"]
[Round "6"]
[White "Bardis, Harilaos Panagiotis"]
[Black "Koutlas, Nikolaos"]
[Result "1-0"]
[WhiteElo "1934"]
[BlackElo "1525"]
[PlyCount "79"]
[EventDate "2021.02.07"]
[EventType "swiss (blitz)"]
[EventRounds "16"]
[EventCountry "GRE"]
[SourceTitle "EXT 2023"]
[Source "ChessBase"]
[SourceDate "2022.10.05"]
[SourceVersion "1"]
[SourceVersionDate "2022.10.05"]
[SourceQuality "1"]

1. d4 Nf6 2. Nf3 e6 3. g3 d5 4. Bg2 Bd6 5. 0-0 h6 6. c4 c6 7. Nbd2 0-0 8. Qc2 b6 9. Rd1 Ba6 10. b3 Qd7 11. e4 dxe4 12. Nxe4 Be7 13. Ne5 Qc7 14. Bf4 Nh5 15. Be3 Bb7 16. Nc3 Nd7 17. Nd3 Rac8 18. c5 Ba6 19. b4 Bxd3 20. Qxd3 Rfd8 21. Qe4 Nhf6 22. Qf3 Nd5 23. Nxd5 cxd5 24. Rdc1 Qb7 25. a3 Bf6 26. Bf1 bxc5 27. bxc5 Qc6 28. a4 Rb8 29. Bb5 Qc8 30. c6 Rxb5 31. cxd7 Qxd7 32. axb5 Qxb5 33. Rxa7 Qb3 34. Kg2 Rf8 35. Rac7 Qb6 36. Rc8 Qb3 37. Rxf8+ Kxf8 38. Rc8+ Ke7 39. Qe2 Qb6 40. Qc2 1-0

[Event "GRE-ch U18"]
[Site "Rethymno"]
[Date "2019.01.06"]
[Round "7"]
[White "Bardis, Harilaos Panagiotis"]
[Black "Kasioumis, Vasilios"]
[Result "0-1"]
[WhiteElo "1950"]
[BlackElo "2081"]
[PlyCount "78"]
[EventDate "2019.01.02"]
[EventType "swiss"]
[EventRounds "9"]
[EventCountry "GRE"]
[SourceTitle "CBM 188 Extra"]
[Source "ChessBase"]
[SourceDate "2019.02.26"]
[SourceVersion "1"]
[SourceVersionDate "2019.02.26"]
[SourceQuality "1"]

1. e4 c5 2. Nf3 e6 3. d4 cxd4 4. Nxd4 Nc6 5. Nc3 Qc7 6. g3 a6 7. Bg2 Nf6 8. 0-0 d6 9. Re1 Nd7 10. Nxc6 bxc6 11. Bf4 Be7 12. Qd2 0-0 13. Rad1 Ne5 14. Na4 c5 15. b3 c4 16. Bxe5 dxe5 17. Qc3 Rb8 18. Re2 a5 19. Nb2 Ba6 20. Nxc4 Bb4 21. Qf3 Bxc4 22. bxc4 Qxc4 23. a3 Bxa3 24. Bf1 Bb2 25. Red2 Qc5 26. Qd3 Bc3 27. Re2 a4 28. Re3 Rfc8 29. Qd7 a3 30. Rf3 Rc7 31. Qa4 g6 32. Rd7 Rxd7 33. Qxd7 Rf8 34. Qa4 Rc8 35. Bb5 a2 36. Rxc3 Qxc3 37. Qxa2 Qxc2 38. Qa4 Qxa4 39. Bxa4 Rc4 0-1

[Event "GRE-ch U18"]
[Site "Rethymno"]
[Date "2019.01.04"]
[Round "4"]
[White "Vardakas, Grigorios"]
[Black "Bardis, Harilaos Panagiotis"]
[Result "1-0"]
[WhiteElo "2084"]
[BlackElo "1950"]
[PlyCount "65"]
[EventDate "2019.01.02"]
[EventType "swiss"]
[EventRounds "9"]
[EventCountry "GRE"]
[SourceTitle "CBM 188 Extra"]
[Source "ChessBase"]
[SourceDate "2019.02.26"]
[SourceVersion "1"]
[SourceVersionDate "2019.02.26"]
[SourceQuality "1"]

1. d4 Nf6 2. c4 b6 3. Nf3 Bb7 4. e3 e6 5. Be2 g6 6. 0-0 Bg7 7. Nc3 Ne4 8. Nxe4 Bxe4 9. b3 0-0 10. Bb2 d6 11. Rc1 Nd7 12. Nd2 Bb7 13. Qc2 Rc8 14. Rfd1 f5 15. b4 Qg5 16. Nf3 Bxf3 17. Bxf3 Nf6 18. Qa4 Ng4 19. h3 Nh6 20. Qxa7 f4 21. e4 Ra8 22. Qxc7 Rxa2 23. Rc2 Nf7 24. Qxb6 Qh4 25. Ra1 Rxa1+ 26. Bxa1 Ra8 27. Bb2 Ra2 28. Bg4 Qe7 29. Qb8+ Nd8 30. Bxe6+ Qxe6 31. Qxd8+ Kf7 32. Qc7+ Kf8 33. d5 1-0

[Event "GRE-chT 46th"]
[Site "Rio Achaia"]
[Date "2018.07.12"]
[Round "4.13"]
[White "Bardis, Harilaos Panagiotis"]
[Black "Krallis, Christos"]
[Result "0-1"]
[WhiteElo "1866"]
[BlackElo "2132"]
[PlyCount "98"]
[EventDate "2018.07.10"]
[EventType "team"]
[EventRounds "7"]
[EventCountry "GRE"]
[SourceTitle "CBM 185 Extra"]
[Source "ChessBase"]
[SourceDate "2018.07.29"]
[SourceVersion "1"]
[SourceVersionDate "2018.07.29"]
[SourceQuality "1"]
[WhiteTeam "Panellinios GA"]
[BlackTeam "So Thomas Georgiou"]
[WhiteTeamCountry "GRE"]
[BlackTeamCountry "GRE"]

1. e4 c5 2. Nf3 g6 3. c3 Bg7 4. d4 cxd4 5. cxd4 d5 6. e5 Nc6 7. h3 f6 8. exf6 Nxf6 9. Bb5 Qa5+ 10. Nc3 Ne4 11. Qb3 Nxc3 12. bxc3 a6 13. Bxc6+ bxc6 14. Bf4 0-0 15. Bg3 Bf5 16. 0-0 Rac8 17. Kh2 Bf6 18. Rfe1 h5 19. a4 g5 20. h4 g4 21. Ne5 Rb8 22. Qa3 Rfc8 23. Qc1 Qd8 24. Qh6 Qe8 25. Rac1 Bg7 26. Qg5 e6 27. c4 Kh7 28. Bf4 Bf8 29. cxd5 cxd5 30. Nc6 Rb7 31. Na5 Rxc1 32. Bxc1 Rb8 33. Bf4 Rc8 34. Nb7 Qg6 35. Qxg6+ Kxg6 36. Bd6 Bg7 37. Bc5 Rc7 38. Nd6 Rc6 39. a5 e5 40. Nxf5 Kxf5 41. Rd1 Ke4 42. Kg3 exd4 43. f3+ Ke3 44. Re1+ Kd3 45. Bb6 Kd2 46. Re7 Bf8 47. Rh7 Bd6+ 48. f4 Rc3+ 49. Kf2 g3+ 0-1